The National Flood-Frequency Program--methods for estimating flood magnitude and frequency in rural areas in Arizona.

Bibliographic Details
Main Author: Mason, Robert R.
Corporate Author: Geological Survey (U.S.)
Other Authors: King, Jeffrey N., Thomas, Wilbert O., 1943-
Format: Government Document Book
Language:English
Published: [Reston, Va.] : U.S. Dept. of the Interior, U.S. Geological Survey, [1999]
Series:Fact sheet (Geological Survey (U.S.)) ; FS-98-111.
Subjects:

MARC

Tag First Indicator Second Indicator Subfields
LEADER 00000cam a2200000 a 4500
001 in00000005321
005 20150928150027.0
008 990909s1999 vaub b f000 0 eng d
035 |a (OCoLC)42333843 
035 |9 AJK2724AM 
040 |a GPO  |c GPO  |d DLC  |d MvI  |d UtOrBLW 
043 |a n-us-az 
049 |a UDOC 
074 |a 0621-L 
086 0 |a I 19.127:111-98 
100 1 |a Mason, Robert R. 
245 1 4 |a The National Flood-Frequency Program--methods for estimating flood magnitude and frequency in rural areas in Arizona. 
246 2 |a National Flood Frequency Program, methods for estimating flood magnitude and frequency in rural areas in Arizona 
246 3 0 |a Methods for estimating flood magnitude and frequency in rural areas in Arizona 
264 1 |a [Reston, Va.] :  |b U.S. Dept. of the Interior, U.S. Geological Survey,  |c [1999] 
300 |a 4 unnumbered pages :  |b map ;  |c 28 cm. 
336 |a text  |b txt  |2 rdacontent 
337 |a unmediated  |b n  |2 rdamedia 
338 |a volume  |b nc  |2 rdacarrier 
490 1 |a USGS Fact sheet ;  |v 111-98 
500 |a Caption title. 
500 |a "Prepared by Robert R. Mason, Jr. ... and Jeffrey N. King and Wilbert O. Thomas, Jr."--P. [4]. 
500 |a Shipping list number: 99-0333-P. 
500 |a "June, 1999"--P. [1]. 
504 |a Includes bibliographical references (page [4]). 
650 0 |a Flood control  |z Arizona. 
650 0 |a Stream channelization  |z Arizona. 
700 1 |a King, Jeffrey N. 
700 1 |a Thomas, Wilbert O.,  |d 1943- 
710 2 |a Geological Survey (U.S.) 
830 0 |a Fact sheet (Geological Survey (U.S.)) ;  |v FS-98-111. 
999 |a MARS 
999 f f |s 10b5c0b0-2554-3f3e-8034-2275b76d53c7  |i b9c71873-9d33-3f63-989e-bc14aca69c19  |t 0 
952 f f |p normal  |a Texas A&M University  |b College Station  |c Sterling C. Evans Library  |d Evans: US Documents (Annex 5th floor)  |t 0  |e I 19.127:111-98  |h Superintendent of Documents classification  |i unmediated -- volume  |m A14824292228 
998 f f |a I 19.127:111-98  |t 0  |l Evans: US Documents (Annex 5th floor)